00713nam a22002177a 4500003000500000005001700005008004100022010001000063011001000073035001000083040000900093100004100102245010500143260004000248300001100288502007500299650002300374650002100397650004600418650003100464CHAP20220329140842.0971013s1995 r 00010 d a58663 a59635 a63795 cCHAP00aMonzón Armenta, José Melquiades. aEfectos ambientales y genéticos en la sobrevivencia del nacimiento al destete en ganado para carne aChapingo, Méx. :bEl autor,c1995 a124 h. aTesis (Ing. Agr. Esp. en Zootecnia) -- UACH. Departamento de Zootecnia14aBecerrosxDestete.14aGanado de carne.14aGanado vacunoxEfecto del medio ambiente.14aGanado vacunoxGenética.